000 00980cas a2200277 a 4500
008
020 _a9241580364 (pbk.)
049 _aMAIN
090 _aRA638
_bINT
245 0 0 _aInternational travel and health :
_bsituation as on 1 January 2005 /
_cWorld Health Organisation.
260 _aGeneva :
_bWorld Health Organization,
_c2005.
300 _aviii. :
_bill., maps ;
_c21 cm.
650 0 _aVaccination
_vPeriodicals.
650 0 _aVaccination
_xLaw and legislation
_vPeriodicals.
650 0 _aTravel
_xHealth aspects
_vPeriodicals.
650 0 _aMedical geography
_vPeriodicals.
650 2 _aCommunicable Disease Control
_xmethods
_vHandbooks.
650 2 _aCommunicable Disease Control
_xmethods
_vPeriodicals.
650 2 _aVaccination
_vHandbooks.
710 2 _aWorld Health Organization.
907 _a.b1030924x
_b22-10-13
_c24-02-12
003
005 20230123122032.0
040 _cNUST
942 _cBOOKS
_kRA638
_mINT
999 _c126681
_d126681